|
|
|
|
| LEADER |
02382njm a2200469 a 4500 |
| 001 |
000583807 |
| 003 |
CZ BrMZK |
| 005 |
20230331140008.0 |
| 008 |
020116s2001 xr f cze d |
| 028 |
0 |
1 |
|a 41 0182-2 431
|b Edit
|
| 040 |
|
|
|a BOA001
|b cze
|
| 080 |
|
|
|a (086.76)
|2 MRF
|
| 080 |
|
|
|a 785.12
|2 MRF
|
| 100 |
1 |
|
|a Bláha, Václav,
|d 1901-1959
|7 jo20010086360
|4 cmp
|4 lyr
|
| 245 |
1 |
0 |
|a Do kolečka, dokola
|h [zvukový záznam] /
|c s autory Václavem Bláhou a Antonínem Borovičkou
|
| 260 |
|
|
|a Praha :
|b Edit,
|c p2001
|
| 300 |
|
|
|a 1 zvuková deska (61:56) :
|b digital ;
|c 12 cm +
|e 1 leták (12 x 12 cm)
|
| 306 |
|
|
|a 010156
|
| 500 |
|
|
|a Kompatní deska
|
| 505 |
0 |
0 |
|t Zelený jalovec --
|t Radostné mládí --
|t Jawa --
|t Růžový květ --
|t Muzikanti, pojďte hrát --
|t Jen jednou v roce --
|t Májový večer --
|t Až budou trumpety --
|t Jetelíček u vody --
|t Tuláček --
|t Já se o tvou lásku prosit nebudu --
|t Až, až, až --
|t Ráno, raníčko --
|t Hvězdička --
|t Kdybych já věděla --
|t Davelská polka --
|t Červená sukýnka --
|t Do kolečka, dokola --
|t Nejhezčí koutek --
|t Vyhrávala kapela
|
| 511 |
0 |
|
|a Moravanka; Dechovka P. Trnky; Česká Švitorka ... [et al.]
|
| 650 |
0 |
7 |
|a dechová hudba
|7 ph119353
|2 czenas
|
| 650 |
0 |
7 |
|a lidové písně, úpravy
|7 ph320413
|2 czenas
|
| 655 |
|
7 |
|a kompaktní desky
|7 fd201991
|2 czenas
|
| 700 |
1 |
|
|a Zeman, Jiří
|7 mzk2010605037
|4 lyr
|
| 700 |
1 |
|
|a Voldán, Jiří,
|d 1901-1985
|7 jk01150462
|4 lyr
|
| 700 |
1 |
|
|a Hotový, Josef,
|d 1904-1975
|7 jn20000603016
|4 cmp
|
| 700 |
1 |
|
|a Jacura, Ladislav,
|d 1913-2004
|7 jk01050594
|4 lyr
|
| 700 |
1 |
|
|a Sýkora, Vilda,
|d 1903-1974
|7 jk01122217
|4 lyr
|
| 700 |
1 |
|
|a Vlk, Jaroslav
|7 mzk2010599382
|4 lyr
|
| 700 |
1 |
|
|a Moravecký, Vilda,
|d 1914-
|7 jk01082078
|4 cmp
|
| 700 |
1 |
|
|a Borovička, Antonín,
|d 1895-1968
|7 jk01012679
|4 cmp
|
| 710 |
2 |
|
|a Malá česká dechovka
|7 ko2003198302
|
| 710 |
2 |
|
|a Starobrněnská 12 (hudební skupina)
|7 ko2003198497
|4 prf
|
| 710 |
2 |
|
|a Budějcká kapela Ády Školky
|7 ko2002149850
|
| 710 |
2 |
|
|a Moravanka Jana Slabáka (hudební skupina)
|7 ko2002149898
|
| 710 |
2 |
|
|a Strahovanka (hudební skupina)
|7 ko2003198303
|4 prf
|
| 710 |
2 |
|
|a Dechovka Pavla Trnky
|4 prf
|
| 710 |
2 |
|
|a Česká Švitorka (hudební skupina)
|7 ko2003186684
|
| 910 |
|
|
|a BOA001
|b CD-0010.022
|
| 990 |
|
|
|a AV
|
| 996 |
6 |
|
|b 261H010887
|c CD-0010.022
|l MZK
|r Sklad / do 24 hodin
|n 1
|w 000583807
|u 000010
|a 1
|e BOA001
|j MZK50
|s P
|